[Event "ITA-ch U16"]
[Site "Salsomaggiore Terme"]
[Date "2019.07.07"]
[Round "1"]
[White "Ghaddar, Ali"]
[Black "Carlo, Emanuele"]
[Result "0-1"]
[WhiteElo "1471"]
[BlackElo "2225"]
[PlyCount "80"]
[EventDate "2019.07.07"]
[EventType "swiss"]
[EventRounds "9"]
[EventCountry "ITA"]
[SourceTitle "EXT 2020"]
[Source "ChessBase"]
[SourceDate "2019.10.17"]
[SourceVersion "1"]
[SourceVersionDate "2019.10.17"]
[SourceQuality "1"]

1. d4 Nf6 2. Nf3 e6 3. Bf4 c5 4. e3 b6 5. Nbd2 Be7 6. c3 0-0 7. Be2 Bb7 8. h3 d6 9. 0-0 Nbd7 10. Rc1 Re8 11. Qc2 Rc8 12. Qa4 a6 13. Bd3 Nf8 14. Qb3 Ng6 15. Bg5 Qc7 16. Bxg6 hxg6 17. Rfd1 Nd5 18. Bxe7 Rxe7 19. Qc2 cxd4 20. exd4 Nf4 21. Re1 Rce8 22. Re3 Nd5 23. Ree1 e5 24. dxe5 dxe5 25. Qb3 e4 26. Nd4 Nf4 27. Nf1 Nd3 28. Ne3 Rd7 29. Rcd1 Nxe1 30. Rxe1 Qc5 31. Qc2 b5 32. Qb1 b4 33. Qc2 bxc3 34. bxc3 Rc8 35. Rc1 Qe5 36. Qb2 Bd5 37. Qe2 Rdc7 38. Qd2 Bc4 39. Nxc4 Rxc4 40. Kf1 Qxd4 0-1